000 00894nam a2200265Ia 4500
003 OSt
005 20220923211541.0
006 a|||||r|||| 00| 0
007 ta
008 220922b |||||||| |||| 00| 0 pan d
020 _a9789383391745 (hbk)
_c250
024 _a349,386
037 _b172, 15/02/2019, National Book Shop
_cTextual
040 _aARTS
_cARTS
_bpan
041 _2pan
_apan
082 _aO153,1N38x, Q8
100 _aਮੋਹਨਜੀਤ, ਂਚ.
245 0 _aਚੰਨ ਦੀ ਦੀਵਾਰ
260 _aਚੰਡੀਗੜ੍ਹ
_b ਲੋਕਗੀਤ ਪ੍ਰਕਾFਨ
_c2018
300 _a92ਪ੍ਰ0
_ccm.
650 _a ਪੰਜਾਬੀ ਕਾਵਿ
650 _aਪੰਜਾਬੀ ਸਾਹਿਤ
942 _hO153,1N38x, Q8
_cTEXL
_2CC
999 _c300692
_d300692